000 00826nam a2200277 a 4500
001 79880
003 BD-RjUL
005 20220530124657.0
008 220530r20172013ii ||||| |||| 00| 0 eng d
020 _a9781259006876
020 _a1259006875
035 _a(BD-RjUL)79880
040 _aBD-RjUL
_beng
_cBD-RjUL
041 _aeng
082 _223
_a621.38275
_bKEO 2017
100 _aKeiser, Gerd
_93293
245 1 0 _aOptical fiber communications /
_cGerd Keiser
250 _aFifth edition
260 _aNew Delhi, India :
_bMcGraw-Hill Companies,
_c2013, [reprinted 2015, 2017]
300 _axxii, 662 pages :
_billustrations ;
_c25 cm.
500 _aIncludes index.
650 _aOptical fiber communication
_93294
650 _aOptical communications.
_93295
650 _aFiber optics
_93296
942 _2ddc
_cBK
999 _c79880
_d79880